| 000 | 00866cab a2200265 4500 | ||
|---|---|---|---|
| 001 | ABS59476 | ||
| 008 | 090401t1998 xxu||||| |||| 00| 0 eng d | ||
| 035 | _a(Sirsi) u89149 | ||
| 041 | _aeng | ||
| 100 | _aBazlinton, C | ||
| 245 | _aHome truths | ||
| 260 | _c1998 | ||
| 350 | _a0 | ||
| 490 |
_aBuilding Homes _v(8) October 1998, 33-34(2) |
||
| 520 | _aCritical review of government spending plans for housing, following the £3.9bn `extra` finance found through the recent Comprehensive Spending Review. Statistics of projected spending on local authority housing provision to 2002. | ||
| 650 | _aCOMPREHENSIVE SPENDING REVIEW | ||
| 650 | _aFUTURE | ||
| 650 | _aGOVERNMENT SPENDING | ||
| 650 | _aLOCAL AUTHORITY HOUSING | ||
| 650 | _aPUBLIC FINANCE | ||
| 650 | _aSOCIAL HOUSING | ||
| 690 | _aHOUSING-FINANCE | ||
| 942 | _n0 | ||
| 948 | _c21/10/1998 | ||
| 999 |
_c56375 _d56375 |
||